000 00839nam a2200229 a 4500
005 20231124063615.0
008 160811s2013 mx r 000 0 spa d
020 _a9786074017106
035 _aUPN01000212263
049 _aCG
050 4 _aHN49 C6
_bH4.2
100 1 _aHernández Díaz, Jorge,
_d1954-
_939381
245 1 0 _aComunidad, migración y ciudadanía :
_bavatares de la organización indígena comunitaria /
_cJorge Hernández-Díaz.
260 _aMéxico :
_bM. A. Porrúa :
_bUniversidad Autónoma Benito Juárez de Oaxaca,
_c2013.
300 _a242 p. :
_bgráfs., cuadros
440 0 _aDesarrollo y migración
650 0 _aComunidad
_xDesarrollo
_zMéxico
_99281
650 4 _aMigración interna
_zMéxico
_95825
650 4 _aIndígenas de México
_xRelaciones con el gobierno
_97938
905 _aLibro
999 _c184363
_d184363